Baby Names: 'C' Baby Names (2009) Quiz Stats

 Plays Quiz Updated Oct 31, 2018

Challenge
Share
Tweet
Embed
Score 0/145 Timer 12:00
2 Plays Today
Gender Name % Correct
BoysChris
87.4%
BoysChristopher
79.5%
BoysCharles
77.1%
Boys Carl
77%
BoysCharlie
69.1%
Girls Charlie
69.1%
GirlsCatherine
68.5%
GirlsChristina
64.5%
Girls Christine
63.2%
BoysCameron
61.2%
GirlsCameron
61.2%
GirlsCaroline
56.4%
BoysChristian
51.8%
GirlsCharlotte
51%
GirlsClaire
48.8%
GirlsChloe
48.4%
BoysCole
48.4%
Girls Cassie
46.2%
Boys Cale
46%
BoysConnor
45.5%
GirlsCindy
44%
GirlsCarly
43.1%
GirlsCassandra
42.7%
GirlsCallie
41%
BoysColin
40.9%
GirlsCara
40.8%
Girls Carla
40.8%
Boys Cory
39.8%
BoysChase
39.7%
BoysCody
39.7%
Boys Case
39.7%
Boys Chad
39.4%
BoysCasey
38.4%
GirlsCasey
38.4%
BoysCaleb
38.3%
BoysCarlos
38.2%
BoysCorey
38.1%
GirlsCynthia
38%
BoysCarter
37.7%
Girls Carolyn
37.7%
GirlsClara
37.3%
Boys Carlo
37.1%
GirlsCaitlin
36.7%
GirlsCora
36.4%
Girls Clare
36.2%
BoysCade
35.2%
GirlsCourtney
35.1%
GirlsCaitlyn
34.6%
GirlsChelsea
33.3%
Gender Name % Correct
GirlsCarmen
31.8%
Boys Craig
31.5%
BoysCollin
31.3%
BoysConner
30.8%
BoysCalvin
30.6%
GirlsCrystal
30.1%
BoysCarson
30%
BoysCaden
29.9%
GirlsCamille
28.4%
BoysCooper
27.9%
GirlsCarolina
26.8%
Girls Camilla
26.2%
GirlsCassidy
25.8%
Boys Clay
24.8%
GirlsCecilia
24.8%
GirlsCali
24.8%
Girls Cristina
24.4%
Girls Clarissa
24.2%
Girls Carlie
24.2%
BoysColt
23.9%
Girls Celia
23.8%
Girls Charley
23.6%
Boys Curtis
22.5%
BoysChance
22.2%
Boys Conor
21.9%
BoysColton
21.7%
Boys Chaz
20.7%
BoysColby
20%
BoysCayden
19.9%
Boys Clark
19.8%
Boys Cedric
19.5%
Girls Corinne
19.4%
BoysClayton
18.9%
Boys Chandler
18.7%
GirlsClaudia
18.5%
Boys Cristopher
18%
GirlsCadence
17.8%
BoysCamden
17.5%
Boys Clinton
17.3%
GirlsCiara
17.2%
Girls Charity
17%
BoysCash
17%
Girls Cayla
16.7%
Boys Cain
16.7%
BoysCristian
16.5%
Girls Carley
15.5%
Girls Cecelia
15.2%
GirlsCamila
15.1%
Boys Callum
14.9%
Gender Name % Correct
Boys Camryn
14.9%
GirlsCamryn
14.9%
BoysCorbin
14.9%
GirlsCaylee
14.5%
GirlsCheyenne
14.4%
GirlsCeleste
14%
Girls Carissa
13.8%
Boys Cyrus
13.4%
Boys Conrad
13.3%
BoysCaiden
13%
Girls Carlee
12.8%
Girls Charlee
11.7%
Girls Carina
11.4%
Boys Camron
11.4%
Boys Cullen
11.3%
Girls Campbell
9.8%
Boys Cristofer
9.6%
Boys Chace
9.5%
BoysColten
9.3%
Girls Cristal
9.1%
Girls Charlize
9%
BoysCesar
8.9%
Boys Carsen
8.7%
Boys Coleman
8.2%
Girls Chanel
8.1%
Girls Catalina
8.1%
Boys Cael
7.9%
BoysCruz
7.9%
Boys Cassius
7.8%
Girls Cheyanne
7.3%
Girls Caleigh
7.2%
Boys Cason
7.1%
Boys Camren
7%
Girls Caydence
6.9%
Boys Cannon
6.5%
Boys Carmelo
6.5%
Boys Casen
6.1%
BoysCohen
5.6%
Girls Cherish
5.6%
Girls Cambria
5.5%
Girls Cailyn
5.3%
Girls Calleigh
4.9%
Girls Chana
4.9%
Girls Chaya
4.5%
Boys Chaim
4.2%
Boys Camilo
3.7%
Boys Cortez
3.6%

You're not logged in!

Compare scores with friends on all Sporcle quizzes.
OR
Log In

You Might Also Like...

Show Comments

Extras

Top Quizzes Today


Score Distribution

Your Account Isn't Verified!

In order to create a playlist on Sporcle, you need to verify the email address you used during registration. Go to your Sporcle Settings to finish the process.

Report this User

Report this user for behavior that violates our Community Guidelines.

Details: